Does This Look Infected? - Sum 41 - Statistics

General Stats
  • This quiz has been taken 9 times
  • The average score is 10 of 12
Answer Stats
Song Answer % Correct
7 All Messed Up
100%
10 Hyper-Insomnia-Para-Condrioid
100%
8 Mr. Amsterdam
100%
6 No Brains
100%
2 Over My Head (Better Off Dead)
100%
4 Still Waiting
100%
9 Thanks For Nothing
100%
1 The Hell Song
100%
5 A.N.I.C.
75%
12 Hooch
75%
3 My Direction
50%
11 Billy Spleen
25%
No matching quizzes found
Score Distribution
Percent of People with Each Score
Percentile by Number Answered
Your Score History
You have not taken this quiz